Top 15 Fantasy Football Wide Receivers in 2025 - Statistics

General Stats
  • This quiz has been taken 97 times
    17 since last reset
  • The average score is 10 of 15
Answer Stats
Hint Answer % Correct
4 Ja'Marr Chase
100%
1 Jaxon Smith-Njigba
100%
2 Puka Nacua
93%
11 Justin Jefferson
86%
5 Amon-Ra St.Brown
79%
3 George Pickens
71%
10 Ceedee Lamb
57%
7 Chris Olave
57%
8 Nico Collins
57%
15 Stefon Diggs
57%
12 Courtland Sutton
43%
14 Tetairoa McMillan
43%
9 Jameson Williams
36%
13 Wan'Dale Robinson
36%
6 Zay Flowers
36%
No matching quizzes found
Score Distribution
Percent of People with Each Score
Percentile by Number Answered
Your Score History
You have not taken this quiz since the last reset